000 00310nam a22001337a 4500
008 180927b xxu||||| |||| 00| 0 eng d
020 _a9780683077384
041 _aeng
080 _23 ED
_a610
100 _a3
101 _aSHM
245 _aEmergency Procedures And Techniques
_cBrener.S
942 _2udc
_cBK
999 _c48552
_d48552